Laidlaw / (Record no. 131367)

MARC details
000 -LEADER
fixed length control field 00577nam a22002057a 4500
005 - DATE AND TIME OF LATEST TRANSACTION
control field 20170124110126.0
010 ## - LIBRARY OF CONGRESS CONTROL NUMBER
LC control number 853082
020 ## - INTERNATIONAL STANDARD BOOK NUMBER
Terms of availability 00.00
International Standard Book Number 0340207272
035 ## - SYSTEM CONTROL NUMBER
System control number 853082
037 ## - SOURCE OF ACQUISITION
Source of stock number/acquisition Cen Lib/Ret
040 ## - CATALOGING SOURCE
Original cataloging agency DPL
Language of cataloging EN
082 ## - DEWEY DECIMAL CLASSIFICATION NUMBER
Classification number N
Item number MCI
100 ## - MAIN ENTRY--PERSONAL NAME
Personal name McIlvanney, William
9 (RLIN) 31596
245 ## - TITLE STATEMENT
Title Laidlaw /
Statement of responsibility, etc by William McIlvanney
260 ## - PUBLICATION, DISTRIBUTION, ETC. (IMPRINT)
Place of publication, distribution, etc London
Name of publisher, distributor, etc Hodder and Stoughton
Date of publication, distribution, etc 1977
300 ## - PHYSICAL DESCRIPTION
Extent 224p.
Dimensions 20cm(Hb)
650 ## - SUBJECT ADDED ENTRY--TOPICAL TERM
Topical term or geographic name as entry element Laidlaw, Jack (Fictitious character) -- Fiction
9 (RLIN) 31597
650 ## - SUBJECT ADDED ENTRY--TOPICAL TERM
Topical term or geographic name as entry element Police -- Scotland -- Fiction
9 (RLIN) 31598
942 ## - ADDED ENTRY ELEMENTS (KOHA)
Source of classification or shelving scheme Dewey Decimal Classification
Koha item type English Books
Classification part N
Call number suffix MCI
Holdings
Withdrawn status Lost status Damaged status Not for loan Home library Current library Date acquired Source of acquisition Cost, normal purchase price Total Checkouts Full call number Barcode Date last seen Copy number Cost, replacement price Price effective from Koha item type
        Central Library Central Library 14/07/2015 Cen Lib/Ret 0.00   N MCI 853082 14/07/2015 1 0.00 14/07/2015 English Books

© Delhi Public Library
Hit Counter
free hit counter